Orientación y tutoría : guía para el alumnado y las familias : grados de educación infantil y primaria /

Detalles Bibliográficos
Autores principales: Cano González, Rufino (Autor), Álvarez González, Manuel (Autor), Casado González, Mónica (Autor)
Formato: Electrónico eBook
Lenguaje:español
Publicado: Las Rozas, Madrid : Aranzadi La Ley, [2025]
Edición:Primera edición.
Colección:Cuadernos de pedagogía (Aranzadi La Ley)
Materias:
Acceso en línea:Digitalia Hispánica

MARC

LEADER 00000nam a2200000 i 4500
001 DIGARALEY0012
003 NyNyDIG
007 cr |||||||||||
008 260301s2025 sp a ob 000 0 spa d
006 m o d
035 |a (OCoLC)1576249073 
040 |a DGITA  |b eng  |e rda  |e pn  |c DGITA 
020 |a 9788499872483  |q versión electrónica 
020 |z 9788499872476  |q versión impresa 
043 |a e-sp--- 
050 1 4 |a LB1027.5 ebook 
100 1 |a Cano González, Rufino,  |e author. 
245 1 0 |a Orientación y tutoría :  |b guía para el alumnado y las familias : grados de educación infantil y primaria /  |c coordinador, Rufino Cano González ; autores, Rufino Cano González, Manuel Álvarez González, Mónica Casado González. 
250 |a Primera edición. 
264 1 |a Las Rozas, Madrid :  |b Aranzadi La Ley,  |c [2025] 
300 |a 1 online resource :  |b illustrations. 
336 |a text  |b txt  |2 rdacontent 
337 |a computer  |b c  |2 rdamedia 
338 |a online resource  |b cr  |2 rdacarrier 
347 |a text file  |2 rdaft 
347 |b EPUB 
490 1 |a Cuadernos de pedagogía 
504 |a Includes bibliographical references. 
588 0 |a Online resource; title from ePub title page (Digitalia, viewed March 1, 2026) 
650 0 |a Educational counseling  |z Spain. 
650 0 |a Tutors and tutoring  |z Spain. 
650 0 |a Education, Primary  |z Spain. 
700 1 |a Álvarez González, Manuel,  |e author. 
700 1 |a Casado González, Mónica,  |e author. 
791 2 |a Digitalia (Firm),  |e distributor. 
793 0 |g Digitalia eBook Collection:  |a Aranzadi La Ley 
776 0 8 |i Print version:  |a Cano González, Rufino.  |t Orientación y tutoría.  |b Primera edición.  |d Las Rozas, Madrid : Aranzadi La Ley, [2025]  |z 9788499872476 
830 0 |a Cuadernos de pedagogía (Aranzadi La Ley) 
856 4 0 |3 Digitalia Hispánica  |u https://www.digitaliapublishing.com/a/178958/ 
910 |a Premium collection: 2026